Contracting for project management (Record no. 102788)
[ view plain ]
| 000 -LEADER | |
|---|---|
| fixed length control field | 01200cam a2200325 4500 |
| 008 - FIXED-LENGTH DATA ELEMENTS--GENERAL INFORMATION | |
| fixed length control field | 030506n2003 000 0 eng u |
| 020 ## - INTERNATIONAL STANDARD BOOK NUMBER | |
| International Standard Book Number | 0566085291 |
| 035 ## - SYSTEM CONTROL NUMBER | |
| System control number | (Sirsi) u122191 |
| 041 ## - LANGUAGE CODE | |
| Language code of text/sound track or separate title | eng |
| 050 ## - LIBRARY OF CONGRESS CALL NUMBER | |
| Classification number | 658.404 |
| -- | 18 |
| 050 ## - LIBRARY OF CONGRESS CALL NUMBER | |
| Classification number | 658.723 |
| -- | 21 |
| 245 ## - TITLE STATEMENT | |
| Title | Contracting for project management |
| 260 ## - PUBLICATION, DISTRIBUTION, ETC. | |
| Place of publication, distribution, etc. | Aldershot |
| Name of publisher, distributor, etc. | Gower |
| Date of publication, distribution, etc. | 2003 |
| 300 ## - PHYSICAL DESCRIPTION | |
| Extent | xviii, 143p. |
| Dimensions | 24cm. |
| 350 ## - PRICE (NR) (BK AM CF MU VM SE) [OBSOLETE] | |
| Price | 25 |
| 520 ## - SUMMARY, ETC. | |
| Summary, etc. | This text provides an introduction to project contract management, with chapters on: roles and responsibilities in project contract management; contracts and payment structures; farsighted project contract management; standard forms of contract; contract law; partnering, benchmarking and incentive contracts; procurement; bidding; and managing variations, claims and disputes. |
| 650 ## - SUBJECT ADDED ENTRY--TOPICAL TERM | |
| Topical term or geographic name entry element | CONTRACTING |
| 650 ## - SUBJECT ADDED ENTRY--TOPICAL TERM | |
| Topical term or geographic name entry element | CONTRACT MANAGEMENT |
| 650 ## - SUBJECT ADDED ENTRY--TOPICAL TERM | |
| Topical term or geographic name entry element | CONTRACT LAW |
| 650 ## - SUBJECT ADDED ENTRY--TOPICAL TERM | |
| Topical term or geographic name entry element | CONSTRUCTION INDUSTRY |
| 690 ## - LOCAL SUBJECT ADDED ENTRY--TOPICAL TERM (OCLC, RLIN) | |
| Topical term or geographic name as entry element | Project management |
| 9 (RLIN) | 6261 |
| 700 ## - ADDED ENTRY--PERSONAL NAME | |
| Personal name | Turner, J. Rodney |
| International Standard Serial Number | Editor |
| 700 ## - ADDED ENTRY--PERSONAL NAME | |
| Personal name | Baily, Peter |
| 700 ## - ADDED ENTRY--PERSONAL NAME | |
| Personal name | Bower, Denise |
| 700 ## - ADDED ENTRY--PERSONAL NAME | |
| Personal name | Marsh, Peter |
| 700 ## - ADDED ENTRY--PERSONAL NAME | |
| Personal name | Simister, Stephen |
| 700 ## - ADDED ENTRY--PERSONAL NAME | |
| Personal name | Skountzos, Fotis |
| 700 ## - ADDED ENTRY--PERSONAL NAME | |
| Personal name | Smith, Nigel |
| 942 ## - ADDED ENTRY ELEMENTS (KOHA) | |
| Suppress in OPAC | 0 |
| Withdrawn status | Lost status | Source of classification or shelving scheme | Damaged status | Not for loan | Home library | Current library | Shelving location | Date acquired | Cost, normal purchase price | Total Checkouts | Full call number | Barcode | Date last seen | Date last checked out | Copy number | Cost, replacement price | Price effective from | Koha item type |
|---|---|---|---|---|---|---|---|---|---|---|---|---|---|---|---|---|---|---|
| Dewey Decimal Classification | London | London | Books | 24/09/2003 | 25.00 | 17 | 658.404 TUR | 30067783 | 06/08/2019 | 22/08/2008 | 1 | 25.00 | 06/08/2019 | Book |